مكتبة جامعة عجلون الوطنية

فهرس بحث المكتبة

إمكانية استثمار الوقف من خلال المصارف الإسلامية الأردنية : دائرة تنمية أموال الوقف الأردنية انموذجا = The Possibility of Investing the Endowment Through Jordanian Islamic Banks : the Jordanian Endowment Funds Development Department as A Model / (Record no. 33905)

MARC details
000 -LEADER
fixed length control field 01255nam a22002057a 4500
003 - CONTROL NUMBER IDENTIFIER
control field JO-AjAnu
005 - DATE AND TIME OF LATEST TRANSACTION
control field 20250323101129.0
008 - FIXED-LENGTH DATA ELEMENTS--GENERAL INFORMATION
fixed length control field 250316b jo ||||| |||| 00| 0 ara d
040 ## - CATALOGING SOURCE
Original cataloging agency JO-AjAnu
Language of cataloging ara
Transcribing agency JO-AjAnu
Modifying agency JO-AjAnu
Description conventions rda
041 ## - LANGUAGE CODE
Language code of text/sound track or separate title ara
Language code of original ara
050 ## - LIBRARY OF CONGRESS CALL NUMBER
Classification number BP170.25
Item number 2025
100 #1 - MAIN ENTRY--PERSONAL NAME
Personal name قريق، حمزة توفيق خليل
Relator term معد
9 (RLIN) 66524
245 #0 - TITLE STATEMENT
Title إمكانية استثمار الوقف من خلال المصارف الإسلامية الأردنية : دائرة تنمية أموال الوقف الأردنية انموذجا = The Possibility of Investing the Endowment Through Jordanian Islamic Banks : the Jordanian <br/> Endowment Funds Development Department as A Model /
Statement of responsibility, etc. اعداد حمزة توفيق خليل قريق ؛ اشراف محمد طعمة القضاة
260 ## - PUBLICATION, DISTRIBUTION, ETC.
Date of publication, distribution, etc. 2025
300 ## - PHYSICAL DESCRIPTION
Extent 170 ورقة
504 ## - BIBLIOGRAPHY, ETC. NOTE
Bibliography, etc. note رسالة جامعية ( رسالة ماجستير في المصارف الاسلامية) - جامعة عجلون الوطنية، (عجلون، الاردن) - كلية الاعمال، قسم المصارف الاسلامية، 2025.
650 #0 - SUBJECT ADDED ENTRY--TOPICAL TERM
Topical term or geographic name entry element المصارف الاسلامية - الوقف.
9 (RLIN) 66525
700 #1 - ADDED ENTRY--PERSONAL NAME
Personal name القضاة، محمد طعمة
9 (RLIN) 62175
Relator term مشرف
942 ## - ADDED ENTRY ELEMENTS (KOHA)
Source of classification or shelving scheme Library of Congress Classification
Koha item type Thesis
Suppress in OPAC No
Holdings
Withdrawn status Lost status Source of classification or shelving scheme Damaged status Not for loan Home library Current library Date acquired Total Checkouts Full call number Barcode Date last seen Price effective from Koha item type
    Library of Congress Classification     مكتبة جامعة عجلون الوطنية مكتبة جامعة عجلون الوطنية 16/03/2025   BP170.25 2025 a30187 16/03/2025 16/03/2025 Thesis
    Library of Congress Classification     مكتبة جامعة عجلون الوطنية مكتبة جامعة عجلون الوطنية 16/03/2025   BP170.25 2025 a30186 16/03/2025 16/03/2025 Thesis